[Event "Landsturneringen NM i sjakk 2013"]
[Site "Radisson Blu Lillehammer Hotel"]
[Date "2013.06.29"]
[Round "2"]
[White "Hegvik, Leif Trygve"]
[Black "Opdahl, Andreas"]
[Result "1-0"]
[WhiteElo "1770"]
[BlackElo "1750"]
[PlyCount "107"]
[EventDate "2013.??.??"]

1. c4 g6 2. g3 Bg7 3. Bg2 d6 4. Nc3 e5 5. Nf3 Nf6 6. O-O O-O 7. d4 Nbd7 8. b3
Re8 9. Bb2 c6 10. Qd2 e4 11. Ne1 d5 12. cxd5 cxd5 13. Rc1 Nf8 14. Nc2 Qb6 15.
f3 Bf5 16. Ne3 exf3 17. exf3 Be6 18. Na4 Qd6 19. Rc2 Rec8 20. Rfc1 Rxc2 21.
Rxc2 Bd7 22. Nc5 Bc6 23. Nd1 Ne6 24. Nf2 Nxc5 25. dxc5 Qe7 26. Qe2 Re8 27. Qxe7
Rxe7 28. Nd3 Nd7 29. Bxg7 Kxg7 30. Kf2 Ne5 31. Nxe5 Rxe5 32. f4 Re7 33. Rd2 Rd7
34. Ke3 Kf6 35. Kd4 Ke6 36. Bh3+ f5 37. Re2+ Kf6 38. Bg2 h6 39. Re5 Rc7 40.
Bxd5 Bxd5 41. Rxd5 a6 42. b4 Re7 43. Rd6+ Kf7 44. Rb6 Rd7+ 45. Ke5 Re7+ 46. Kd6
g5 47. a4 gxf4 48. gxf4 Re4 49. Rxb7+ Kf6 50. c6 Rd4+ 51. Kc5 Rxf4 52. c7 Rf2
53. Rb6+ Ke7 54. Rc6 1-0

[Event "Landsturneringen NM i sjakk 2013"]
[Site "Radisson Blu Lillehammer Hotel"]
[Date "2013.06.29"]
[Round "2"]
[White "Tufta, Jon Gunnar"]
[Black "Aartun, Eivind"]
[Result "1-0"]
[WhiteElo "1740"]
[BlackElo "1800"]
[PlyCount "71"]
[EventDate "2013.??.??"]

1. e4 c5 2. Nc3 d6 3. f4 Nc6 4. Nf3 g6 5. Bc4 Bg7 6. O-O Nf6 7. d3 O-O 8. a3
Bg4 9. h3 Bxf3 10. Qxf3 Nd7 11. Nd5 b5 12. Ba2 Nb6 13. c3 e6 14. Ne3 Rc8 15. g4
b4 16. axb4 cxb4 17. d4 Re8 18. f5 Rc7 19. f6 Bh6 20. h4 bxc3 21. bxc3 Na5 22.
g5 Bf8 23. Bd2 Qd7 24. h5 Nac4 25. Nxc4 Nxc4 26. Bxc4 Rxc4 27. hxg6 hxg6 28.
Kg2 e5 29. d5 Rb8 30. Ra2 Ra4 31. Rc2 Rc8 32. Rh1 Rcc4 33. Rh4 Ra1 34. Rb2 a5
35. Rb8 Rg1+ 36. Kh2
1-0

[Event "Landsturneringen NM i sjakk 2013"]
[Site "Radisson Blu Lillehammer Hotel"]
[Date "2013.06.29"]
[Round "2"]
[White "Garberg, Tore"]
[Black "Thrana, Svein Arne"]
[Result "0-1"]
[WhiteElo "1821"]
[BlackElo "1752"]
[PlyCount "60"]
[EventDate "2013.??.??"]

1. e4 c5 2. c3 d5 3. exd5 Qxd5 4. d4 Nc6 5. Nf3 Bg4 6. dxc5 Qxd1+ 7. Kxd1
O-O-O+ 8. Nbd2 Nf6 9. Ke1 e5 10. b4 e4 11. h3 Bh5 12. g4 exf3 13. gxh5 Ne5 14.
Nc4 Nd3+ 15. Bxd3 Rxd3 16. Ne5 Rxc3 17. Bd2 Ra3 18. Bc1 Ra6 19. Nxf7 Rg8 20.
Be3 Be7 21. Ne5 Nxh5 22. Nxf3 Bf6 23. Bd4 Re8+ 24. Kf1 Nf4 25. a4 Re4 26. b5
Bxd4 27. Nxd4 Rf6 28. Rd1 Nd5 29. Kg1 Nf4 30. Rd2 Rxd4
0-1

[Event "Landsturneringen NM i sjakk 2013"]
[Site "Radisson Blu Lillehammer Hotel"]
[Date "2013.06.29"]
[Round "2"]
[White "Boger, Raymond"]
[Black "Nygaard, Timmie"]
[Result "0-1"]
[WhiteElo "1922"]
[BlackElo "1840"]
[PlyCount "154"]
[EventDate "2013.??.??"]

1. c4 e5 2. g3 Nf6 3. Bg2 c6 4. d4 exd4 5. Qxd4 Be7 6. Nc3 d6 7. Nh3 O-O 8. O-O
Nbd7 9. Bf4 Nb6 10. Rfd1 Be6 11. b3 d5 12. Ng5 Bb4 13. c5 Bxc3 14. Qxc3 Nbd7
15. e4 Nxe4 16. Nxe4 dxe4 17. Bxe4 Qf6 18. Qe3 Rfe8 19. Rac1 Bd5 20. f3 Bxe4
21. fxe4 Nf8 22. e5 Qf5 23. Rd2 Ne6 24. Qd3 Qxd3 25. Rxd3 Red8 26. Rd6 Kf8 27.
b4 a6 28. a4 Ke8 29. Be3 Nc7 30. Rcd1 Nd5 31. Bg5 Rxd6 32. exd6 Kd7 33. b5 axb5
34. axb5 Ra5 35. bxc6+ bxc6 36. Rc1 f6 37. Bd2 Rb5 38. Be1 f5 39. Bf2 Nf6 40.
Ra1 Rb7 41. Ra8 Ne4 42. Rf8 Ke6 43. Be3 g6 44. Rc8 Kd7 45. Rh8 Ke6 46. g4 fxg4
47. Rc8 Kd5 48. Rc7 Rb1+ 49. Kg2 Nxc5 50. d7 Ne6 51. d8=Q+ Nxd8 52. Rd7+ Ke4
53. Re7+ Kf5 54. Rxh7 Ne6 55. Rf7+ Ke5 56. Bf2 Rb3 57. Bg3+ Kd5 58. Rf6 g5 59.
Rf5+ Kd4 60. Rf6 Rb2+ 61. Kf1 Kd5 62. Rf5+ Kc4 63. Re5 Nf4 64. Rxg5 Rb1+ 65.
Be1 Nd3 66. Rxg4+ Kd5 67. Rg5+ Ke4 68. Rg4+ Kf5 69. Rd4 Rxe1+ 70. Kg2 Ne5 71.
h4 Re4 72. Rxe4 Kxe4 73. h5 Kf5 74. Kg3 Kg5 75. h6 Kxh6 76. Kf4 Nd7 77. Ke4 Kg6
0-1

[Event "Landsturneringen NM i sjakk 2013"]
[Site "Radisson Blu Lillehammer Hotel"]
[Date "2013.06.29"]
[Round "3"]
[White "Thorstensen, Espen"]
[Black "Haugsrud, Håkon"]
[Result "1-0"]
[WhiteElo "1960"]
[BlackElo "1870"]
[PlyCount "101"]
[EventDate "2013.??.??"]

1. f4 d5 2. Nf3 Nf6 3. b3 Bf5 4. Bb2 e6 5. e3 c5 6. Be2 Nc6 7. O-O Be7 8. Nh4
O-O 9. Nxf5 exf5 10. Bf3 Re8 11. Na3 Qa5 12. c4 d4 13. Nc2 Rad8 14. exd4 cxd4
15. d3 Bd6 16. g3 Qb6 17. Kg2 g6 18. Bxc6 Qxc6+ 19. Qf3 Re2+ 20. Rf2 Rde8 21.
Qxc6 bxc6 22. h3 c5 23. b4 Nh5 24. bxc5 Bxf4 25. Nxd4 Rxf2+ 26. Kxf2 Nxg3 27.
Bc3 g5 28. Re1 Rc8 29. Nc6 Ra8 30. Rg1 h5 31. Ne7+ Kf8 32. Nd5 Bb8 33. Nf6 Bf4
34. Nh7+ Ke7 35. Nxg5 Bxg5 36. Kxg3 Be3 37. Re1 f4+ 38. Kf3 Rg8 39. h4 f5 40.
d4 Rg3+ 41. Ke2 Rg2+ 42. Kd3 Kd7 43. Rb1 Kc8 44. c6 Rxa2 45. Rb5 Kc7 46. d5 Ra3
47. Rb7+ Kc8 48. d6 Bb6 49. Rf7 Ra6 50. c5 Bd8 51. c7 1-0

[Event "Landsturneringen NM i sjakk 2013"]
[Site "Radisson Blu Lillehammer Hotel"]
[Date "2013.06.29"]
[Round "3"]
[White "Rødvik, Trym Daniel"]
[Black "Stake-Larsen, Gunnar"]
[Result "1/2-1/2"]
[WhiteElo "1869"]
[BlackElo "1857"]
[PlyCount "82"]
[EventDate "2013.??.??"]

1. e4 c5 2. Nf3 d6 3. d4 cxd4 4. Nxd4 Nf6 5. Nc3 g6 6. Be3 Bg7 7. f3 O-O 8. Qd2
Nc6 9. O-O-O Qa5 10. Kb1 Rd8 11. g4 Bd7 12. h4 Rac8 13. Nb3 Qc7 14. h5 Ne5 15.
Be2 Nc4 16. Bxc4 Qxc4 17. hxg6 fxg6 18. Rh4 Qf7 19. Rdh1 Be6 20. Bd4 Rc4 21. f4
Rdc8 22. e5 Nxg4 23. Rxh7 dxe5 24. Bxe5 Nxe5 25. fxe5 Rf4 26. Nc1 Bg4 27. R7h4
Rf8 28. Nd5 Rf2 29. Nf6+ Rxf6 30. exf6 Qxf6 31. Qb4 a5 32. Qa3 Bf5 33. R4h2 b5
34. Re1 b4 35. Qb3+ e6 36. Nd3 Rb8 37. Ne5 Rb5 38. Rhe2 Qd8 39. Nd3 Qf6 40. Ne5
Qd8 41. Nd3 Qf6 1/2-1/2

[Event "Landsturneringen NM i sjakk 2013"]
[Site "Radisson Blu Lillehammer Hotel"]
[Date "2013.06.29"]
[Round "3"]
[White "Tirado Gonzalez, Rafael"]
[Black "Johnsen, Sylvia"]
[Result "1/2-1/2"]
[WhiteElo "1804"]
[BlackElo "1912"]
[PlyCount "89"]
[EventDate "2013.??.??"]

1. e4 e5 2. Nf3 Nc6 3. Bb5 a6 4. Bxc6 dxc6 5. O-O Bd6 6. d4 Qe7 7. dxe5 Bxe5 8.
Nxe5 Qxe5 9. Bd2 Ne7 10. Nc3 Bd7 11. Qf3 Ng6 12. Rad1 h5 13. Qg3 O-O-O 14. Qxe5
Nxe5 15. b3 c5 16. Nd5 Bc6 17. Ne7+ Kb8 18. Bc3 Rde8 19. Nxc6+ Nxc6 20. f3 f6
21. Rd5 b6 22. Rfd1 Kc8 23. Kf2 h4 24. Rd7 Re7 25. Rxe7 Nxe7 26. h3 Ng6 27. Ke3
Rh6 28. f4 Ne7 29. Kf3 Nc6 30. g4 hxg3 31. Kxg3 Rg6+ 32. Kf2 Ne7 33. Rd3 f5 34.
exf5 Nxf5 35. Rd5 Nd6 36. Kf3 Kd7 37. Rg5 Rxg5 38. fxg5 g6 39. Kf4 c6 40. Ke5
Ke7 41. Be1 Nb5 42. c4 Nd4 43. Bc3 Ne2 44. Bd2 Ng1 45. Be3 1/2-1/2

[Event "Landsturneringen NM i sjakk 2013"]
[Site "Radisson Blu Lillehammer Hotel"]
[Date "2013.06.29"]
[Round "3"]
[White "Ski, Ole Johan"]
[Black "Bjørnland, Svein"]
[Result "1-0"]
[WhiteElo "1812"]
[BlackElo "1872"]
[PlyCount "64"]
[EventDate "2013.??.??"]

1. e4 c6 2. d4 d5 3. exd5 cxd5 4. Bd3 Nc6 5. c3 Nf6 6. Bf4 Bg4 7. Qb3 Qd7 8.
Nd2 a6 9. Ngf3 e6 10. O-O Nh5 11. Be3 Bd6 12. h3 Bf5 13. Bxf5 exf5 14. Rfe1 O-O
15. Nf1 b5 16. Rad1 Rac8 17. a3 Rfe8 18. Bc1 Na5 19. Qc2 Nc4 20. Ne3 Nxe3 21.
Bxe3 Re7 22. Qd3 Rce8 23. Bd2 Re4 24. Ng5 Rxe1+ 25. Rxe1 Rxe1+ 26. Bxe1 Qe7 27.
Bd2 h6 28. Nf3 Qe4 29. Qf1 g5 30. Ne1 Bf4 31. Bxf4 Nxf4 32. g3 Nxh3+ 1-0

[Event "Landsturneringen NM i sjakk 2013"]
[Site "Radisson Blu Lillehammer Hotel"]
[Date "2013.06.29"]
[Round "3"]
[White "Haveland, Bjørn"]
[Black "Steinskog, Asbjørn O"]
[Result "0-1"]
[WhiteElo "1771"]
[BlackElo "1827"]
[PlyCount "80"]
[EventDate "2013.??.??"]

1. d4 d5 2. Nf3 Nf6 3. e3 c6 4. Bd3 Bg4 5. O-O e6 6. Nbd2 Bd6 7. b3 Nbd7 8. Bb2
O-O 9. Be2 Qc7 10. h3 Bh5 11. Rc1 e5 12. dxe5 Nxe5 13. c4 dxc4 14. Nxc4 Nxc4
15. Rxc4 Qe7 16. Qa1 Ne8 17. Rd1 f6 18. Rd2 Bf7 19. Rc1 Nc7 20. Rcd1 Rfd8 21.
Nd4 Bb4 22. Nf5 Qf8 23. Rxd8 Rxd8 24. Bxf6 Rxd1+ 25. Bxd1 gxf6 26. Qxf6 Bg6 27.
Qxf8+ Kxf8 28. e4 Bxf5 29. exf5 Nd5 30. a4 Nc3 31. Bh5 Ne4 32. f4 Bd2 33. Kf1
Bxf4 34. Ke1 Ng3 35. Bg4 h5 36. Bf3 h4 37. Bg4 Ke7 38. b4 Kf6 39. b5 cxb5 40.
axb5 Nxf5 0-1

[Event "Landsturneringen NM i sjakk 2013"]
[Site "Radisson Blu Lillehammer Hotel"]
[Date "2013.06.29"]
[Round "3"]
[White "Hagen, Brede"]
[Black "Solbu, Lasse Tveter"]
[Result "0-1"]
[WhiteElo "1897"]
[BlackElo "1767"]
[PlyCount "82"]
[EventDate "2013.??.??"]

1. e4 c5 2. Nf3 Nc6 3. d4 cxd4 4. Nxd4 d6 5. Nc3 Nf6 6. Bg5 e6 7. Qd2 a6 8.
O-O-O Bd7 9. f4 Qa5 10. Bxf6 gxf6 11. Be2 b5 12. Nb3 Qb6 13. Bf3 Rc8 14. Rhe1
Na5 15. Nxa5 Qxa5 16. Kb1 b4 17. Ne2 Qc5 18. f5 e5 19. c3 a5 20. cxb4 axb4 21.
Rc1 Qb6 22. Rxc8+ Bxc8 23. Qd5 Bh6 24. Rd1 Ke7 25. Qb3 Be3 26. a3 Ba6 27. axb4
Bxe2 28. Bxe2 Rb8 29. Bh5 Rf8 30. Qc4 Bd4 31. Rd3 Qb7 32. Bf3 Rc8 33. Qb3 Qc6
34. Qd1 Qc4 35. Rb3 Ra8 36. Qc2 Ra1+ 37. Kxa1 Qxc2 38. Ka2 Qc4 39. b5 Qa4+ 40.
Ra3 Qxb5 41. Rb3 Qc4 0-1

[Event "Landsturneringen NM i sjakk 2013"]
[Site "Radisson Blu Lillehammer Hotel"]
[Date "2013.06.29"]
[Round "3"]
[White "Johansen, Lars"]
[Black "Hegvik, Leif Trygve"]
[Result "1/2-1/2"]
[WhiteElo "1822"]
[BlackElo "1770"]
[PlyCount "55"]
[EventDate "2013.??.??"]

1. e4 e6 2. d4 d5 3. Nc3 dxe4 4. Nxe4 Nd7 5. Nf3 Ngf6 6. Bd3 Nxe4 7. Bxe4 Nf6
8. Qe2 Nxe4 9. Qxe4 Be7 10. O-O O-O 11. Bf4 Rb8 12. Ne5 b6 13. Nc6 Bb7 14. d5
Bxc6 15. dxc6 Bd6 16. Rad1 Qe7 17. Rd3 Rbd8 18. Rfd1 Bxf4 19. Qxf4 Rxd3 20.
Rxd3 Rd8 21. Qd2 Rxd3 22. Qxd3 h6 23. h3 Qg5 24. b3 Qc1+ 25. Kh2 Qf4+ 26. Kg1
Qc1+ 27. Kh2 Qf4+ 28. Kg1 1/2-1/2

[Event "Landsturneringen NM i sjakk 2013"]
[Site "Radisson Blu Lillehammer Hotel"]
[Date "2013.06.29"]
[Round "3"]
[White "Nygaard, Timmie"]
[Black "Lund, Terje"]
[Result "1/2-1/2"]
[WhiteElo "1840"]
[BlackElo "1925"]
[PlyCount "62"]
[EventDate "2013.??.??"]

1. c4 c6 2. Nc3 d5 3. cxd5 cxd5 4. d4 Nf6 5. Nf3 g6 6. Bf4 Nc6 7. e3 Bg7 8. Bd3
Bg4 9. h3 Bxf3 10. Qxf3 O-O 11. O-O h6 12. Rac1 e6 13. Rfd1 Rc8 14. a3 Na5 15.
Nb5 Nc6 16. Nd6 Ra8 17. Nxb7 Qb6 18. Nd6 a6 19. b4 Rfd8 20. b5 Nxd4 21. exd4
Rxd6 22. Bxd6 Qxd6 23. bxa6 Qxa3 24. Rc7 Qb2 25. Qf4 Qb3 26. Be2 Rxa6 27. Rxf7
Kxf7 28. Qc7+ Kg8 29. Qc8+ Kh7 30. Qxa6 Ne4 31. Qd3 Qb2 1/2-1/2

[Event "Landsturneringen NM i sjakk 2013"]
[Site "Radisson Blu Lillehammer Hotel"]
[Date "2013.06.29"]
[Round "3"]
[White "Larsen, Tor Ketil"]
[Black "Tufta, Jon Gunnar"]
[Result "1-0"]
[WhiteElo "1940"]
[BlackElo "1740"]
[PlyCount "43"]
[EventDate "2013.??.??"]

1. e4 c5 2. Nc3 e6 3. f4 d5 4. d3 dxe4 5. Nxe4 Nf6 6. Nxf6+ Qxf6 7. c3 Bd7 8.
Nf3 Bd6 9. g3 Bc6 10. Bg2 Nd7 11. O-O Rd8 12. f5 Ne5 13. fxe6 Bxf3 14. exf7+
Qxf7 15. Bxf3 O-O 16. Bg2 Qc7 17. Bf4 b6 18. Be4 Nd7 19. Bxh7+ Kxh7 20. Qh5+
Kg8 21. Qd5+ Rf7 22. Qxf7+ 1-0

[Event "Landsturneringen NM i sjakk 2013"]
[Site "Radisson Blu Lillehammer Hotel"]
[Date "2013.06.29"]
[Round "3"]
[White "Theting, Helge E"]
[Black "Christenson, Bjørn Aa"]
[Result "1-0"]
[WhiteElo "1961"]
[BlackElo "1771"]
[PlyCount "113"]
[EventDate "2013.??.??"]

1. Nf3 Nf6 2. g3 g6 3. Bg2 Bg7 4. O-O O-O 5. d3 d6 6. e4 c5 7. Nbd2 Nc6 8. Re1
Bg4 9. h3 Be6 10. Ng5 Bd7 11. Nf1 Qc8 12. Kh2 h6 13. Nf3 Qc7 14. Nh4 e5 15. Ne3
Rab8 16. f4 exf4 17. gxf4 Rfe8 18. Kg1 Qc8 19. f5 Kh7 20. Rf1 Qd8 21. Qe1 g5
22. Nf3 d5 23. Ng4 Nxg4 24. hxg4 dxe4 25. dxe4 Ne5 26. Qg3 Nxf3+ 27. Bxf3 Bc6
28. Re1 Be5 29. Qh3 Qf6 30. c3 Rbd8 31. Be3 b6 32. Re2 Rd3 33. Kf2 Bc7 34. Qh1
Qe5 35. Rg1 Kg7 36. Bc1 Bb5 37. Ree1 Red8 38. Be2 Bc6 39. Bxd3 Rxd3 40. Re3
Qf4+ 41. Ke2 Rxe3+ 42. Bxe3 Bb5+ 43. Kd2 Qd6+ 44. Kc1 Be2 45. Qh3 Qd3 46. Rh1
Qd6 47. Bxg5 Kf8 48. Bxh6+ Ke8 49. Re1 Bd3 50. e5 Qd5 51. Bf4 Qc4 52. Qh8+ Kd7
53. e6+ Kc6 54. Qe8+ Kb7 55. Bxc7 Qxa2 56. Qd7 c4 57. Bd6+ 1-0

[Event "Landsturneringen NM i sjakk 2013"]
[Site "Radisson Blu Lillehammer Hotel"]
[Date "2013.06.29"]
[Round "3"]
[White "Opdahl, Andreas"]
[Black "Garberg, Tore"]
[Result "1/2-1/2"]
[WhiteElo "1750"]
[BlackElo "1821"]
[PlyCount "36"]
[EventDate "2013.??.??"]

1. e4 c6 2. d4 d5 3. Nc3 dxe4 4. Nxe4 Bf5 5. Ng3 Bg6 6. h4 h6 7. N1e2 e6 8. Nf4
Bh7 9. Bc4 Nf6 10. Be3 Nbd7 11. Qe2 Nb6 12. Bd3 Bxd3 13. Qxd3 Bd6 14. O-O-O
Nbd5 15. Nge2 Qc7 16. Nxd5 cxd5 17. f3 Ke7 18. Qd2 Rac8 1/2-1/2

[Event "Landsturneringen NM i sjakk 2013"]
[Site "Radisson Blu Lillehammer Hotel"]
[Date "2013.06.29"]
[Round "3"]
[White "Sætre, Roger"]
[Black "Boger, Raymond"]
[Result "1/2-1/2"]
[WhiteElo "1723"]
[BlackElo "1922"]
[PlyCount "80"]
[EventDate "2013.??.??"]

1. e4 g6 2. Nc3 Bg7 3. g3 Nc6 4. Bg2 e5 5. d3 d6 6. Be3 Nh6 7. h3 f5 8. Qd2 Nf7
9. h4 h5 10. Nh3 Nd4 11. O-O-O c6 12. f4 Qa5 13. Kb1 Be6 14. fxe5 dxe5 15. Ng5
Nxg5 16. Bxg5 Nb5 17. Rhf1 f4 18. Rh1 Bf8 19. Nd5 Qxd2 20. Rxd2 cxd5 21. exd5
Bf5 22. Bf6 Bb4 23. c3 Nxc3+ 24. bxc3 Bxc3 25. Bxh8 Bxd2 26. Rd1 Bc3 27. gxf4
Bg4 28. Rh1 Rc8 29. Bxe5 Rc5 30. Bxc3 Rxc3 31. Be4 Bf5 32. Rc1 Ra3 33. Kb2 Ra4
34. Kb3 b5 35. Rc6 Kf7 36. Bxf5 gxf5 37. Rh6 Rxf4 38. Rxh5 a5 39. a3 Kg6 40.
Rh8 Rd4 1/2-1/2

[Event "Landsturneringen NM i sjakk 2013"]
[Site "Radisson Blu Lillehammer Hotel"]
[Date "2013.06.29"]
[Round "3"]
[White "Saltnes, Trond Harald"]
[Black "Aartun, Eivind"]
[Result "1-0"]
[WhiteElo "1708"]
[BlackElo "1800"]
[PlyCount "37"]
[EventDate "2013.??.??"]

1. e4 c5 2. Nc3 d6 3. f4 g6 4. Nf3 Bg7 5. Bc4 Nc6 6. O-O e6 7. d3 Nge7 8. a3
O-O 9. Qe1 a5 10. Qh4 Nd4 11. f5 d5 12. f6 Bxf6 13. Qxf6 dxc4 14. Bh6 Nxf3+ 15.
Qxf3 Qd4+ 16. Kh1 Nc6 17. Bxf8 Ne5 18. Qf6 Kxf8 19. dxc4 1-0

[Event "Landsturneringen NM i sjakk 2013"]
[Site "Radisson Blu Lillehammer Hotel"]
[Date "2013.06.29"]
[Round "4"]
[White "Nilsen, Martin"]
[Black "Thorstensen, Espen"]
[Result "0-1"]
[WhiteElo "1747"]
[BlackElo "1960"]
[PlyCount "64"]
[EventDate "2013.??.??"]

1. e4 Nf6 2. e5 Nd5 3. d4 d6 4. Nf3 g6 5. Ng5 dxe5 6. dxe5 Bg7 7. c4 Nb4 8.
Qxd8+ Kxd8 9. Nxf7+ Ke8 10. Nxh8 Nc2+ 11. Kd1 Nxa1 12. Nxg6 hxg6 13. Bd3 Kf7
14. f4 Na6 15. Na3 Bg4+ 16. Kd2 Rd8 17. Kc3 Rxd3+ 18. Kxd3 Nb4+ 19. Ke3 Nxa2
20. Bd2 Nb3 21. h3 Bd7 22. Nc2 a5 23. Kd3 Bf5+ 24. Ke2 Bxc2 25. g4 Nxd2 26.
Kxd2 Bb3 27. c5 e6 28. h4 Bd5 29. Rh3 Bh6 30. Ke3 Nc1 31. h5 g5 32. Kd4 Ne2+
0-1

[Event "Landsturneringen NM i sjakk 2013"]
[Site "Radisson Blu Lillehammer Hotel"]
[Date "2013.06.29"]
[Round "4"]
[White "Ski, Ole Johan"]
[Black "Snellingen, Jørn"]
[Result "1/2-1/2"]
[WhiteElo "1812"]
[BlackElo "1901"]
[PlyCount "67"]
[EventDate "2013.??.??"]

1. d4 Nc6 2. Nf3 d6 3. Bf4 Nf6 4. h3 g6 5. c3 Bg7 6. e3 O-O 7. Bd3 Re8 8. Bc2
e6 9. e4 a6 10. O-O b5 11. Bg5 e5 12. d5 Ne7 13. Nbd2 Nh5 14. Nh2 f6 15. Be3
Nf4 16. Qf3 Bh6 17. Ng4 Bg5 18. h4 h5 19. Nh2 Bxh4 20. g3 Nh3+ 21. Kh1 Bg5 22.
Bxg5 fxg5 23. g4 Nf4 24. gxh5 gxh5 25. Rg1 Neg6 26. Rg3 g4 27. Qe3 Rf8 28. Rag1
Qf6 29. f3 Nh3 30. Rf1 Qf4 31. fxg4 Nf2+ 32. Rxf2 Qxf2 33. Qg5 Qxg3 34. Qxg6+
1/2-1/2

[Event "Landsturneringen NM i sjakk 2013"]
[Site "Radisson Blu Lillehammer Hotel"]
[Date "2013.06.29"]
[Round "4"]
[White "Edvardsen, Vidar"]
[Black "Rødvik, Trym Daniel"]
[Result "1/2-1/2"]
[WhiteElo "1763"]
[BlackElo "1869"]
[PlyCount "29"]
[EventDate "2013.??.??"]

1. d4 Nf6 2. c4 g6 3. Nf3 Bg7 4. g3 O-O 5. Bg2 d6 6. O-O Nc6 7. Nc3 a6 8. Qd3
b5 9. cxb5 Nb4 10. Qb1 axb5 11. a3 Nbd5 12. Nxd5 Nxd5 13. Bd2 c6 14. Qc2 Bd7
15. e3 1/2-1/2

[Event "Landsturneringen NM i sjakk 2013"]
[Site "Radisson Blu Lillehammer Hotel"]
[Date "2013.06.29"]
[Round "4"]
[White "Haugsrud, Håkon"]
[Black "Andersen, Øystein R"]
[Result "0-1"]
[WhiteElo "1870"]
[BlackElo "1823"]
[PlyCount "98"]
[EventDate "2013.??.??"]

1. e4 c5 2. c3 d5 3. exd5 Qxd5 4. d4 Nc6 5. Nf3 Bg4 6. Be2 cxd4 7. cxd4 e6 8.
O-O Nf6 9. Nc3 Qa5 10. Be3 a6 11. h3 Bh5 12. a3 Nd5 13. Qb3 Qb6 14. Qxb6 Nxb6
15. g4 Bg6 16. Nh4 Bc2 17. Bf3 Bb3 18. d5 Nxd5 19. Nxd5 Bxd5 20. Bxd5 exd5 21.
Rfe1 Kd7 22. Rad1 Ne7 23. Nf5 Nxf5 24. Rxd5+ Nd6 25. Bf4 Kc6 26. Rd3 Re8 27.
Rc1+ Kd7 28. Rcd1 Re6 29. Bg3 g5 30. h4 h6 31. Rb3 b5 32. a4 Be7 33. axb5 axb5
34. Rxb5 Rc8 35. hxg5 hxg5 36. Bxd6 Rxd6 37. Rxd6+ Kxd6 38. Kg2 Rc5 39. Rb7 Rc4
40. f3 Ke6 41. Rb5 Rb4 42. Ra5 Rxb2+ 43. Kf1 f6 44. Rf5 Rd2 45. Ra5 Rc2 46. Rb5
Bc5 47. Ra5 Ke5 48. Ra4 Rf2+ 49. Ke1 Rxf3 0-1

[Event "Landsturneringen NM i sjakk 2013"]
[Site "Radisson Blu Lillehammer Hotel"]
[Date "2013.06.29"]
[Round "4"]
[White "Stake-Larsen, Gunnar"]
[Black "Larsen, Tor Ketil"]
[Result "1-0"]
[WhiteElo "1857"]
[BlackElo "1940"]
[PlyCount "83"]
[EventDate "2013.??.??"]

1. d4 Nf6 2. c4 c5 3. Nf3 g6 4. g3 Bg7 5. Bg2 cxd4 6. Nxd4 O-O 7. O-O Nc6 8.
Nc2 Ng4 9. e4 d6 10. h3 Nge5 11. Ne3 Na5 12. c5 dxc5 13. Qc2 Nd7 14. Nc3 Nc6
15. Ne2 Nd4 16. Nxd4 Bxd4 17. Rd1 Rb8 18. Ng4 b6 19. Bf4 Rb7 20. e5 Rc7 21. e6
fxe6 22. Bxc7 Qxc7 23. Rxd4 e5 24. Rd2 Nf6 25. Nxf6+ exf6 26. Rad1 Bf5 27. Qc4+
Kg7 28. Kh2 h5 29. Bd5 Qc8 30. Bg2 Be6 31. Qe4 Rf7 32. Rd8 Qa6 33. Qc6 Re7 34.
Qd6 Kf7 35. Bd5 Bxd5 36. Qxd5+ Kg7 37. Qg8+ Kh6 38. Qf8+ Rg7 39. R8d7 Qe2 40.
Qxg7+ Kg5 41. R1d2 Qf1 42. R7d6 1-0

[Event "Landsturneringen NM i sjakk 2013"]
[Site "Radisson Blu Lillehammer Hotel"]
[Date "2013.06.29"]
[Round "4"]
[White "Solbu, Lasse Tveter"]
[Black "Johnsen, Sylvia"]
[Result "1-0"]
[WhiteElo "1767"]
[BlackElo "1912"]
[PlyCount "91"]
[EventDate "2013.??.??"]

1. d4 d5 2. Nf3 Nf6 3. c4 e6 4. Nc3 Be7 5. e3 O-O 6. Bd3 dxc4 7. Bxc4 b6 8. Qe2
Bb7 9. e4 c5 10. dxc5 Bxc5 11. O-O Nc6 12. Bg5 h6 13. Rfd1 Nd4 14. Nxd4 Bxd4
15. Bh4 e5 16. Rd3 g5 17. Bg3 Qe7 18. Nd5 Nxd5 19. exd5 Qc5 20. Bb3 Ba6 21. Qd2
Bxd3 22. Qxd3 Rac8 23. h4 Bxb2 24. Rd1 Kg7 25. Qf5 Qe7 26. d6 Qf6 27. Qe4 Rfd8
28. d7 Rb8 29. Rd2 Bc3 30. Rd3 Ba1 31. Rf3 Qg6 32. Rxf7+ Qxf7 33. Bxf7 Kxf7 34.
Qh7+ Ke6 35. Qxh6+ Kxd7 36. Qg7+ Ke6 37. hxg5 Rd7 38. Qf6+ Kd5 39. Qf3+ Ke6 40.
Qf6+ Kd5 41. Bh4 Rbb7 42. g6 Bd4 43. Qf5 Kc4 44. Bf6 e4 45. Qxe4 Rbc7 46. Bxd4
1-0

[Event "Landsturneringen NM i sjakk 2013"]
[Site "Radisson Blu Lillehammer Hotel"]
[Date "2013.06.29"]
[Round "4"]
[White "Steinskog, Asbjørn O"]
[Black "Tirado Gonzalez, Rafael"]
[Result "1/2-1/2"]
[WhiteElo "1827"]
[BlackElo "1804"]
[PlyCount "36"]
[EventDate "2013.??.??"]

1. e4 c5 2. Nf3 d6 3. d4 cxd4 4. Nxd4 Nf6 5. Nc3 a6 6. Be3 Ng4 7. Bg5 h6 8. Bh4
g5 9. Bg3 Bg7 10. Be2 h5 11. Bxg4 Bxg4 12. f3 h4 13. Bf2 Bd7 14. h3 Nc6 15. Qd2
Qa5 16. O-O-O Rc8 17. Kb1 Rg8 18. Nd5 Qxd2 1/2-1/2

[Event "Landsturneringen NM i sjakk 2013"]
[Site "Radisson Blu Lillehammer Hotel"]
[Date "2013.06.29"]
[Round "4"]
[White "Bjørnland, Svein"]
[Black "Johansen, Lars"]
[Result "1-0"]
[WhiteElo "1872"]
[BlackElo "1822"]
[PlyCount "63"]
[EventDate "2013.??.??"]

1. d4 Nf6 2. c4 e6 3. Nf3 c5 4. Nc3 cxd4 5. Nxd4 Nc6 6. Nc2 a6 7. e4 Be7 8. Be2
Qc7 9. Bd2 b6 10. O-O Bb7 11. b3 Nb4 12. Rc1 Nxc2 13. Qxc2 Qe5 14. f3 Bd6 15.
g3 Bc5+ 16. Kg2 g5 17. Bd3 g4 18. Kh1 gxf3 19. Rxf3 Nh5 20. Nd5 O-O-O 21. Bc3
Bd4 22. Nxb6+ Kc7 23. Na4 Rhg8 24. Bxd4 Qxd4 25. Qf2 Qd6 26. Nc5 Ba8 27. Kg1 f5
28. Na4 f4 29. e5 Qc6 30. Be4 d5 31. exd6+ Qxd6 32. Qa7+ 1-0

[Event "Landsturneringen NM i sjakk 2013"]
[Site "Radisson Blu Lillehammer Hotel"]
[Date "2013.06.29"]
[Round "4"]
[White "Barane, Simon"]
[Black "Olsen, Robin"]
[Result "1/2-1/2"]
[WhiteElo "1780"]
[BlackElo "1891"]
[PlyCount "135"]
[EventDate "2013.??.??"]

1. e4 c6 2. d4 d5 3. Nc3 dxe4 4. f3 exf3 5. Nxf3 Bf5 6. Bc4 e6 7. O-O Nf6 8.
Ng5 Bg6 9. Be3 Nd5 10. Qf3 Qd7 11. Rae1 Bb4 12. Bd2 O-O 13. Bd3 Nf6 14. Bxg6
hxg6 15. Be3 Bxc3 16. bxc3 Qd5 17. Qh3 Nbd7 18. Rf3 Rfe8 19. Ref1 e5 20. Qh4 e4
21. Rh3 Kf8 22. Rf4 Ke7 23. c4 Qxc4 24. Nxe4 Qxa2 25. Qg3 Qd5 26. c4 Qxc4 27.
Rxf6 gxf6 28. Qd6+ Kd8 29. Nxf6 Qe6 30. Nxe8 Qxd6 31. Nxd6 Ke7 32. Nxb7 Nf6 33.
Bg5 Ke6 34. Nc5+ Kf5 35. Bxf6 Kxf6 36. Ra3 Ke7 37. Ra5 Kd6 38. Ne4+ Kc7 39. Nc5
Kd6 40. Na6 Re8 41. Kf2 Re4 42. Ra4 Kd5 43. Nb8 c5 44. Rxa7 cxd4 45. Nd7 Kc4
46. Ra4+ Kc3 47. g3 Re7 48. Nf6 Re5 49. Ng4 Re7 50. h3 f5 51. Nf6 Re5 52. Ra8
d3 53. Rd8 Kc2 54. Nd5 Re2+ 55. Kf3 Kd2 56. Nf4 Re3+ 57. Kf2 g5 58. Rxd3+ Rxd3
59. Nxd3 Kxd3 60. h4 gxh4 61. gxh4 Ke4 62. h5 Ke5 63. Kf3 Kf6 64. Kf4 Kg7 65.
Kxf5 Kh8 66. Kg6 Kg8 67. h6 Kh8 68. h7 1/2-1/2

[Event "Landsturneringen NM i sjakk 2013"]
[Site "Radisson Blu Lillehammer Hotel"]
[Date "2013.06.29"]
[Round "4"]
[White "Lund, Terje"]
[Black "Theting, Helge E"]
[Result "1-0"]
[WhiteElo "1925"]
[BlackElo "1961"]
[PlyCount "119"]
[EventDate "2013.??.??"]

1. Nf3 g6 2. g3 Bg7 3. d4 d6 4. Bg2 Nc6 5. O-O e5 6. dxe5 Nxe5 7. Nxe5 Bxe5 8.
c3 Ne7 9. e4 Bg7 10. Be3 O-O 11. Bd4 f6 12. c4 Nc6 13. Bc3 Be6 14. b3 Qd7 15.
Re1 Ne5 16. Nd2 Rae8 17. Qc2 f5 18. f4 Nc6 19. Qd3 fxe4 20. Bxe4 Kh8 21. Nf3
Bg8 22. Nd4 Re7 23. Nxc6 bxc6 24. Bxg7+ Kxg7 25. Qc3+ Kh6 26. Bg2 Rfe8 27. Kf2
Rxe1 28. Rxe1 Rxe1 29. Qxe1 d5 30. cxd5 cxd5 31. Qe5 c5 32. Bf3 Qe6 33. Qh8 Qf7
34. g4 g5 35. fxg5+ Kxg5 36. Qe5+ Kg6 37. Qd6+ Qf6 38. Qxc5 a6 39. Qc2+ Kg7 40.
Kg2 Qe5 41. Qe2 Qd6 42. h4 d4 43. Qd2 Kf8 44. Qd3 Ke8 45. Kf1 Kd8 46. Qe4 Be6
47. Ke2 Bd7 48. Qd5 Qb4 49. g5 Qc3 50. Qg8+ Kc7 51. Qc4+ Qxc4+ 52. bxc4 Bf5 53.
Kd2 Kd6 54. Be2 Be6 55. Bd3 Bg8 56. h5 Kc5 57. Bxh7 Bxc4 58. Bb1 Kd6 59. h6 Bg8
60. g6 1-0